000 00339 a2200109 4500
001 ART_46290
005 20260410161925.0
008 260409a
245 1 0 _aCollege scholarship rules and private saving
100 1 _aFeldstein, Martin
773 0 _tThe American Economic Review
_g- Vol. 85, NÂș 3 (jun. 1995)
_wREV16190
999 _c28086
_d28086